Countries that Start with E - Alphabetical order - Statistics

General Stats
  • This quiz has been taken 38 times
  • The average score is 8 of 9
Answer Stats
Country % Correct
Ecuador
100%
Eritrea
96%
Ethiopia
96%
East Timor
92%
Egypt
92%
El Salvador
92%
Estonia
92%
Eswatini
88%
Equatorial Guinea
84%
No matching quizzes found
Score Distribution
Percent of People with Each Score
Percentile by Number Answered
Your Score History
You have not taken this quiz